The global diffusion of markets and democracy / (Record no. 11343)
[ view plain ]
| 000 -LEADER | |
|---|---|
| fixed length control field | 02441cam a22003615a 4500 |
| 001 - CONTROL NUMBER | |
| control field | 15318346 |
| 005 - DATE AND TIME OF LATEST TRANSACTION | |
| control field | 20160724124235.0 |
| 008 - FIXED-LENGTH DATA ELEMENTS--GENERAL INFORMATION | |
| fixed length control field | 080605t2008 enkdb frb 001 0 eng d |
| 010 ## - LIBRARY OF CONGRESS CONTROL NUMBER | |
| LC control number | 2008273425 |
| 015 ## - NATIONAL BIBLIOGRAPHY NUMBER | |
| National bibliography number | GBA783992 |
| Source | bnb |
| 016 7# - NATIONAL BIBLIOGRAPHIC AGENCY CONTROL NUMBER | |
| Record control number | 014100641 |
| Source | Uk |
| 020 ## - INTERNATIONAL STANDARD BOOK NUMBER | |
| International Standard Book Number | 9780521703925 (pbk.) |
| 020 ## - INTERNATIONAL STANDARD BOOK NUMBER | |
| International Standard Book Number | 0521703921 (pbk.) |
| 035 ## - SYSTEM CONTROL NUMBER | |
| System control number | (OCoLC)ocn171110394 |
| 040 ## - CATALOGING SOURCE | |
| Original cataloging agency | UKM |
| Language of cataloging | eng |
| Transcribing agency | UKM |
| Modifying agency | YDXCP |
| -- | BAKER |
| -- | BWKUK |
| -- | BTCTA |
| -- | NLGGC |
| -- | DLC |
| -- | EG-ScBUE |
| 082 04 - DEWEY DECIMAL CLASSIFICATION NUMBER | |
| Classification number | 303.482 |
| Item number | GLO |
| Edition number | 22 |
| 245 04 - TITLE STATEMENT | |
| Title | The global diffusion of markets and democracy / |
| Statement of responsibility, etc | edited by Beth A. Simmons, Frank Dobbin, and Geoffrey Garrett. |
| 260 ## - PUBLICATION, DISTRIBUTION, ETC. (IMPRINT) | |
| Place of publication, distribution, etc | Cambridge ; |
| -- | New York : |
| Name of publisher, distributor, etc | Cambridge University Press, |
| Date of publication, distribution, etc | c.2008. |
| 300 ## - PHYSICAL DESCRIPTION | |
| Extent | xv, 367 p. : |
| Other physical details | charts, maps ; |
| Dimensions | 23 cm. |
| 500 ## - GENERAL NOTE | |
| General note | Index : p. 361-367. |
| 504 ## - BIBLIOGRAPHY, ETC. NOTE | |
| Bibliography, etc | Includes bibliographical references. |
| 505 ## - FORMATTED CONTENTS NOTE | |
| Formatted contents note | Introduction : the diffusion of liberalization / Beth A. Simmons, Frank Dobbin, and Geoffrey Garrett -- Tax policy in an era of internationalization : an assessment of a conditional diffusion model of the spread of neoliberalism / Duane Swank -- The decision to privatize : economists and the construction of ideas and policies / Bruce Kogut and J. Muir MacPherson -- The international diffusion of public sector downsizing : network emulation and theory-driven learning / Chang Kil Lee and David Strang -- Global ideology and voter sentiment as determinants of international financial liberalization / Dennis P. Quinn and A. Maria Toyoda -- Competing for capital : the diffusion of bilateral investment treaties, 1960-2000 / Zachary Elkins, Andrew T. Guzman, and Beth A. Simmons -- Diffusion and the spread of democratic institutions / Kristian Skrede Gleditsch and Michael D. Ward -- World society and human rights : an event history analysis of the Convention on the elimination of all forms of discrimination against women / Christine Min Wotipka and Francisco O. Ramirez. |
| 520 ## - SUMMARY, ETC. | |
| Summary, etc | Analyses the ways markets and democracy have diffused around the world through interdependent decision-making.<br/> |
| 650 #7 - SUBJECT ADDED ENTRY--TOPICAL TERM | |
| Topical term or geographic name as entry element | Globalization |
| General subdivision | Economic aspects. |
| Source of heading or term | BUEsh |
| 9 (RLIN) | 3901 |
| 650 #7 - SUBJECT ADDED ENTRY--TOPICAL TERM | |
| Topical term or geographic name as entry element | Globalization |
| General subdivision | Political aspects. |
| Source of heading or term | BUEsh |
| 9 (RLIN) | 3902 |
| 650 #0 - SUBJECT ADDED ENTRY--TOPICAL TERM | |
| Topical term or geographic name as entry element | Democratization. |
| Source of heading or term | BUEsh |
| 651 ## - SUBJECT ADDED ENTRY--GEOGRAPHIC NAME | |
| Source of heading or term | BUEsh |
| 653 ## - INDEX TERM--UNCONTROLLED | |
| Resource For college | Law |
| Arrived date list | July2016 |
| 700 1# - ADDED ENTRY--PERSONAL NAME | |
| Personal name | Simmons, Beth A., |
| Dates associated with a name | 1958- |
| Relator term | editor. |
| 9 (RLIN) | 3905 |
| 700 1# - ADDED ENTRY--PERSONAL NAME | |
| Personal name | Dobbin, Frank, |
| Relator term | editor. |
| 9 (RLIN) | 3906 |
| 700 1# - ADDED ENTRY--PERSONAL NAME | |
| Personal name | Garrett, Geoffrey, |
| Dates associated with a name | 1958- |
| Relator term | editor. |
| 9 (RLIN) | 3907 |
| 942 ## - ADDED ENTRY ELEMENTS (KOHA) | |
| Source of classification or shelving scheme | Dewey Decimal Classification |
| Item type | Book - Borrowing |
| Withdrawn status | Item status | Source of classification or shelving scheme | Damaged status | Not for loan | Vendor | Home library | Current library | Shelving location | Date acquired | Source of acquisition | Cost, normal purchase price | Serial Enumeration / chronology | Total Checkouts | Full call number | Barcode | Date last seen | Koha item type | Cost, replacement price |
|---|---|---|---|---|---|---|---|---|---|---|---|---|---|---|---|---|---|---|
| Dewey Decimal Classification | Baccah | Central Library | Central Library | First floor | 21/04/2009 | 176.80 | 6994 | 303.482 GLO | 000015973 | 15/07/2025 | Book - Borrowing | |||||||
| Dewey Decimal Classification | Baccah | Central Library | Central Library | First floor | 24/07/2016 | Purchase | 221.00 | 26080 | 303.482 GLO | 000032900 | 15/07/2025 | Book - Borrowing | 276.25 |